| 000 | 00561nam a22001817a 4500 | ||
|---|---|---|---|
| 999 |
_c171556 _d171556 |
||
| 005 | 20200115125415.0 | ||
| 010 | _aENG-127428 | ||
| 020 |
_a9789388548885 _c2695.00 |
||
| 035 | _aEN-110960 | ||
| 037 | _bDBAD/PUB | ||
| 082 | _a346.5401602632 | ||
| 100 | _aDesai,Kumud | ||
| 245 |
_aIndian law of marriage & divorce/ _cby Kumud Desai |
||
| 260 |
_aGurgaon _bLexis Nexis _c2017 |
||
| 270 |
_a14th floor,building no-10,Tower B,DLF Cyber city phase-II _bGurgaon _e122002 |
||
| 300 |
_a1365p. _c22cm(hb) |
||
| 942 |
_2ddc _cEN _h346.5401602632 _mDES |
||